[Event "Wch U16"]
[Site "Singapore"]
[Date "1990.??.??"]
[Round "?"]
[White "Zoler, Dan"]
[Black "Polgar, Sofia"]
[Result "0-1"]
[WhiteElo "2275"]
[BlackElo "2410"]

1.Nf3 d5 2.d4 Nf6 3.c4 e6 4.g3 dxc4 5.Qa4+ Nbd7 6.Bg2 Be7 7.O-O O-O 8.Qxc4 c5
9.dxc5 Bxc5 10.Nc3 a6 11.b4 Bd6 12.Rd1 Qe7 13.a3 Rb8 14.Bb2 b5 15.Qd3 Bc7
16.Ne4 e5 17.Rac1 Ne8 18.Neg5 g6 19.Bh3 Nb6 20.Bxc8 Rxc8 21.Qe4 f6 22.Nh3 Nd6
23.Qb1 Ndc4 24.Nd2 Rfd8 25.Nxc4 Nxc4 26.Kg2 Rxd1 27.Rxd1 Rd8 28.Bc3 Kg7 29.Rd3 Bb6
30.Ng1 Nxa3 31.Qa1 Qb7+ 32.Nf3 Nc4 33.Rxd8 Bxd8 34.g4 h6 35.Kg1 Bb6 36.Qd1 Qc8
37.h3 Qd8 38.Qa1 Qd6 39.Kg2 Bc7 40.Qb1 Qc6 41.h4 e4 42.Nd4 Qd6 43.Qh1 Bb6
44.e3 Bxd4 45.Bxd4 Qd7 46.Kg3 Qd6+ 47.Kg2 Qe6 48.Qh3 Ne5 49.g5 Qxh3+ 50.Kxh3 hxg5
51.hxg5 Kf7 52.gxf6 Kxf6 53.Kh4 Kf5 54.Bxe5 Kxe5 55.Kg5 Kd6 56.Kxg6 a5 57.bxa5 b4
58.a6 Kc7  0-1

[Event "Wch U16"]
[Site "Singapore"]
[Date "1990.??.??"]
[Round "?"]
[White "Sharif, Mohamed"]
[Black "Polgar, Sofia"]
[Result "0-1"]
[WhiteElo "2240"]
[BlackElo "2410"]

1.d4 d5 2.c4 e6 3.Nf3 Nf6 4.Nc3 c6 5.Bg5 dxc4 6.e4 b5 7.e5 h6 8.Bh4 g5 9.Nxg5 hxg5
10.Bxg5 Nbd7 11.exf6 Bb7 12.g3 Qa5 13.Qd2 c5 14.d5 O-O-O 15.Bg2 b4 16.Ne4 exd5
17.Bh3 Rxh3  0-1

[Event "Wch U16"]
[Site "Singapore"]
[Date "1990.??.??"]
[Round "?"]
[White "Dochev, Dimitar"]
[Black "Polgar, Sofia"]
[Result "0-1"]
[WhiteElo "2305"]
[BlackElo "2410"]

1.e4 c5 2.Nf3 e6 3.d4 cxd4 4.Nxd4 Nc6 5.Nb5 d6 6.c4 Nf6 7.N1c3 a6 8.Na3 b6
9.Be2 Bb7 10.O-O Nb8 11.f3 Nbd7 12.Be3 Qc7 13.Qd2 Be7 14.Nc2 O-O 15.Nd4 Rac8
16.Rfc1 Qb8 17.Bf1 Bd8 18.Kh1 Kh8 19.Bg1 Rg8 20.b4 g5 21.Qb2 Rg6 22.Nb3 Bc7
23.a4 Kg8 24.a5 g4 25.axb6 Bxb6 26.Bxb6 Nxb6 27.Na5 Ba8 28.Qd2 gxf3 29.gxf3 Nbd7
30.b5 axb5 31.cxb5 d5 32.exd5 Nxd5 33.Nxd5 Rxc1 34.Rxc1 Bxd5 35.Qe3 Qb6 36.Rc8+ Kg7
37.Qc3+ e5 38.Bg2 Qf2  0-1

[Event "Wch U16"]
[Site "Singapore"]
[Date "1990.??.??"]
[Round "?"]
[White "Miladinovic, Igor"]
[Black "Polgar, Sofia"]
[Result "1/2-1/2"]
[WhiteElo "2360"]
[BlackElo "2410"]

1.d4 Nf6 2.c4 c5 3.d5 b5 4.cxb5 a6 5.bxa6 g6 6.g3 Bg7 7.Bg2 d6 8.Nc3 Bxa6
9.Nf3 Nbd7 10.O-O Nb6 11.Re1 O-O 12.Bf4 Nc4 13.Qc1 Qa5 14.Nd2 Rfb8 15.Nxc4 Bxc4
16.Bd2 Ba6 17.Rd1 Ng4 18.Be1 Bc8 19.h3 Ne5 20.b3 Qa3 21.Qxa3 Rxa3 22.Rac1 Ra7
23.Rc2 Ba6 24.f4 Nd7 25.Kf2 c4 26.bxc4 Bxc4 27.Rdc1 Nc5 28.Bd2 Bd4+ 29.Be3 Bxe3+
30.Kxe3 Rba8 31.Ra1 Kg7 32.Kd4 Ba6 33.Rb1 Rc8 34.Ke3 Na4 35.Rbc1 Nb6 36.Nd1 Rxc2
37.Rxc2 Bc4 38.Nc3 Na4 39.Nb1 Nb6 40.Nc3 Na4 41.Nb1 Nb6  1/2-1/2

[Event "Wch U16"]
[Site "Singapore"]
[Date "1990.??.??"]
[Round "?"]
[White "Polgar, Sofia"]
[Black "Topalov, Veselin"]
[Result "0-1"]
[WhiteElo "2410"]
[BlackElo "2495"]

1.e4 e6 2.d4 d5 3.Nc3 Nc6 4.e5 f6 5.exf6 Nxf6 6.Bf4 Bd6 7.Bxd6 cxd6 8.g3 e5
9.dxe5 dxe5 10.Bg2 d4 11.Ne4 O-O 12.Ne2 Bf5 13.Nxf6+ Qxf6 14.O-O Nb4 15.Rc1 Rad8
16.Qd2 Nc6 17.f3 Bg6 18.Rcd1 Qe6 19.Nc1 Ne7 20.c3 Nf5 21.cxd4 exd4 22.Bh3 Qd5
23.Bxf5 Rxf5 24.Ne2 Rxf3 25.Rxf3 Qxf3 26.Nxd4 Qe4 27.Qc3 Bf7 28.Rd3 Bd5 29.Nf3 Rf8
30.Qd4 Bc6 31.Re3 Qb1+ 32.Ne1 Qf5 33.Qc4+ Kh8 34.Qf4 Qxf4 35.gxf4 Rxf4 36.Nd3 Rg4+
37.Kf1 g6 38.Ne5 Rf4+ 39.Kg1 Be4 40.Rc3 Kg7 41.h3 Kf6 42.Ng4+ Kg5 43.Nf2 Bc6
44.a3 h5 45.Re3 Kh4 46.Nd3 Rf5 47.Ne5 Rg5+ 48.Kf1 Rg3 49.Re1 Kxh3 50.Nxc6 bxc6
51.Re6 g5 52.Rxc6 g4 53.a4 h4 54.b4 Rb3 55.b5 g3  0-1

[Event "Wch U16"]
[Site "Singapore"]
[Date "1990.??.??"]
[Round "?"]
[White "Polgar, Sofia"]
[Black "Marcus, Joost"]
[Result "1-0"]
[WhiteElo "2410"]
[BlackElo "2300"]

1.e4 c5 2.Nf3 d6 3.d4 cxd4 4.Nxd4 Nf6 5.Nc3 a6 6.a4 e5 7.Nf3 Be7 8.Bc4 O-O
9.O-O Be6 10.Qd3 Nbd7 11.Bxe6 fxe6 12.Qc4 Nc5 13.b4 d5 14.exd5 exd5 15.Qa2 Nce4
16.Nxe4 Nxe4 17.Bb2 Kh8 18.Rad1 Qb6 19.Bxe5 Qg6 20.Qb3 Bxb4 21.Qxb4 Rxf3
22.Qxb7 Rff8 23.Rxd5 Rae8 24.Qb2 Rf7 25.c4 Ref8 26.f3 h6 27.Kh1 Qc6 28.Qc2 Nc5
29.Bd6  1-0

[Event "Wch U16"]
[Site "Singapore"]
[Date "1990.??.??"]
[Round "?"]
[White "Polgar, Sofia"]
[Black "Votava, Jan"]
[Result "1/2-1/2"]
[WhiteElo "2410"]
[BlackElo "2340"]

1.e4 e5 2.Nf3 Nc6 3.Bb5 a6 4.Ba4 Nf6 5.O-O Nxe4 6.d4 b5 7.Bb3 d5 8.dxe5 Be6
9.c3 Bc5 10.Nbd2 O-O 11.Bc2 Nxf2 12.Rxf2 f6 13.exf6 Bxf2+ 14.Kxf2 Qxf6 15.Nf1 Ne5
16.Be3 Rae8 17.Bc5 Nxf3 18.gxf3 Rf7 19.Kg2 Qh4 20.Ng3 c6 21.Qd3 d4 22.Qxd4 Qh3+
23.Kg1 Rxf3 24.Be4 Rxg3+ 25.hxg3 Qxg3+ 26.Bg2 Bd5 27.Qf2 Qg4 28.Bd6 h5 29.Qg3 Qxg3
30.Bxg3 Bxg2 31.Kxg2 Re2+ 32.Kf3 Rxb2 33.Be5 b4 34.cxb4 Rxb4 35.a4 Kf7 36.a5 g5
37.Rd1 Ke6 38.Bc7 Rb7 39.Bb6 Rd7 40.Rc1 Kd6 41.Rh1 Rh7 42.Bd8 g4+ 43.Kg3 c5
44.Rb1 Kd5 45.Rb6 Rd7 46.Rb8 c4 47.Bf6 Rd6  1/2-1/2

[Event "Wch U16"]
[Site "Singapore"]
[Date "1990.??.??"]
[Round "?"]
[White "Sakaev, Konstantin"]
[Black "Polgar, Sofia"]
[Result "1-0"]
[WhiteElo "2370"]
[BlackElo "2410"]

1.d4 d5 2.c4 e6 3.Nf3 Nf6 4.e3 c6 5.Bd3 dxc4 6.Bxc4 b5 7.Be2 Bb7 8.O-O a6
9.a4 Nbd7 10.axb5 cxb5 11.Nbd2 Qb6 12.Bd3 Be7 13.Qe2 Nd5 14.Bb1 a5 15.e4 Nb4
16.Rd1 O-O 17.Nf1 Rfe8 18.Be3 Qa6 19.h4 Bc6 20.Ng3 Qb7 21.Bf4 f6 22.h5 Bf8
23.Bd2 Nb6 24.Nh4 Qf7 25.Bxb4 Bxb4 26.d5 exd5 27.Qc2 Bb7 28.exd5 f5 29.Nhxf5 Bxd5
30.Ne3 Bb3 31.Qxh7+ Kf8 32.Bg6 Qg8 33.Qxg8+ Kxg8 34.Bxe8 Bxd1 35.Bxb5 Bb3
36.Ngf5 Rc8 37.Nd4 Bf7 38.Nc6 Bc5 39.Rc1 Bxe3 40.fxe3 Re8 41.Kf2 Bxh5 42.Rc5 Bf7
43.Nxa5 Rd8 44.Ke2 Nd5 45.Bc4 Kh7 46.Nc6 Rd6 47.Ne5 Be6 48.Rc6  1-0

[Event "Hoogovens-B"]
[Site "Wijk aan Zee"]
[Date "1990.??.??"]
[Round "1"]
[White "Polgar, Sofia"]
[Black "Damljanovic, Branko"]
[Result "0-1"]
[WhiteElo "2410"]
[BlackElo "2535"]

1.e4 c5 2.Nf3 Nc6 3.d4 cxd4 4.Nxd4 Nf6 5.Nc3 d6 6.Bc4 Qb6 7.Nb3 e6 8.O-O Be7
9.Be3 Qc7 10.f4 a6 11.a3 b5 12.Bd3 Bb7 13.Qf3 O-O 14.Qh3 Rfe8 15.Rae1 g6
16.Kh1 Nd7 17.f5 Bf6 18.Rf2 Nce5 19.fxe6 Rxe6 20.Ref1 Bg7 21.Rxf7 Nxf7 22.Qxe6 Nf8
23.Qh3 Re8 24.Bd4 Ne5 25.Nd5 Bxd5 26.exd5 Qb7 27.Be4 Nc4 28.Qf3 Bxd4 29.Bd3 Ne5
30.Qf6 Qxd5 31.Nxd4 Qxd4 32.a4 Nfd7 33.Qg5 Nxd3 34.cxd3 Qxd3 35.Rc1 Qe3 36.Qd5+ Qe6
37.Qd2 Nf6 38.axb5 axb5 39.h3 Ne4 40.Qf4 Qe5 41.Qxe5 Rxe5  0-1

[Event "Hoogovens-B"]
[Site "Wijk aan Zee"]
[Date "1990.??.??"]
[Round "2"]
[White "Fedorowicz, John P"]
[Black "Polgar, Sofia"]
[Result "1-0"]
[WhiteElo "2560"]
[BlackElo "2410"]

1.e4 c5 2.Nf3 e6 3.d4 cxd4 4.Nxd4 Nf6 5.Nc3 d6 6.g4 h6 7.h4 Nc6 8.Rg1 h5
9.gxh5 Nxh5 10.Bg5 Qb6 11.Nb3 a6 12.Be2 Nf6 13.h5 Qc7 14.h6 Nh7 15.hxg7 Bxg7
16.Be3 Bf6 17.Qd2 Bd7 18.O-O-O Be7 19.Rh1 O-O-O 20.Na4 Rdg8 21.Nb6+ Kb8 22.f4 Be8
23.a3 Nf6 24.Bf3 Rxh1 25.Bxh1 Na7 26.Na5 Nd7 27.Qf2 Nc5 28.Nac4 Bc6 29.e5 Bxh1
30.Bxc5 d5 31.Bd6 Bxd6 32.exd6 Qd8 33.Ne5  1-0

[Event "Hoogovens-B"]
[Site "Wijk aan Zee"]
[Date "1990.??.??"]
[Round "6"]
[White "Peelen, Piet"]
[Black "Polgar, Sofia"]
[Result "1-0"]
[WhiteElo "2380"]
[BlackElo "2410"]

1.c4 c5 2.Nc3 Nc6 3.g3 g6 4.Bg2 Bg7 5.Nf3 d6 6.d3 e5 7.a3 Nge7 8.Rb1 a5 9.O-O O-O
10.Bg5 h6 11.Bxe7 Nxe7 12.Ne1 Rb8 13.Nc2 Be6 14.b4 cxb4 15.axb4 d5 16.cxd5 Nxd5
17.Nxd5 Bxd5 18.Bxd5 Qxd5 19.Ne3 Qd8 20.Qa4 axb4 21.Rxb4 f5 22.Rfb1 Rf7 23.Qa2 Kf8
24.Qe6 Qf6 25.Qc4 Qd8 26.Rb6 f4 27.Nd5 g5 28.Nc3 Rc8 29.Qb4+ Kg8 30.Ne4 Bf8
31.Qb3 Rc7 32.Qe6 f3 33.Qg6+ Bg7 34.Rd6 Qf8 35.exf3 Rxf3 36.Re6 Re7 37.Rxe7 Qxe7
38.Rc1 b5 39.Rc6 b4 40.Re6  1-0

[Event "Hoogovens-B"]
[Site "Wijk aan Zee"]
[Date "1990.??.??"]
[Round "7"]
[White "Polgar, Sofia"]
[Black "Van Wely, Loek"]
[Result "1-0"]
[WhiteElo "2410"]
[BlackElo "2445"]

1.e4 d6 2.d4 Nf6 3.Nc3 g6 4.f4 Bg7 5.Nf3 c5 6.dxc5 Qa5 7.Bd3 Qxc5 8.Qe2 O-O
9.Be3 Qa5 10.h3 e5 11.O-O-O Nh5 12.f5 Ng3 13.Qe1 Nxh1 14.g4 gxf5 15.gxf5 Qd8
16.Bc4 Kh8 17.Ng5 Bh6 18.Qh4 Bxg5 19.Bxg5 f6 20.Bh6 Nd7 21.Rg1 Qe7 22.Qg4  1-0

[Event "Hoogovens-B"]
[Site "Wijk aan Zee"]
[Date "1990.??.??"]
[Round "9"]
[White "Polgar, Sofia"]
[Black "Brenninkmeijer, Joris"]
[Result "1-0"]
[WhiteElo "2410"]
[BlackElo "2475"]

1.e4 c5 2.Nf3 d6 3.d4 cxd4 4.Nxd4 Nf6 5.Nc3 a6 6.Bc4 e6 7.Bb3 Nbd7 8.O-O Nc5
9.Re1 Be7 10.f4 O-O 11.Qf3 Qc7 12.Be3 Re8 13.a4 b6 14.Ba2 Bb7 15.Bf2 Rad8
16.b4 Ncd7 17.Re3 Nf8 18.Bg3 g6 19.Rf1 Qc8 20.Bh4 d5 21.e5 Ne4 22.Bxe7 Rxe7
23.Qh3 Rc7 24.Nxe4 dxe4 25.c3 Bd5 26.Bb1 Qd7 27.g4 Bc4 28.Rfe1 Bd3 29.Bxd3 Rxc3
30.Rxe4 Qxa4 31.Qf1 Qxb4 32.Nxe6  1-0

[Event "Hoogovens-B"]
[Site "Wijk aan Zee"]
[Date "1990.??.??"]
[Round "10"]
[White "Polgar, Zsuzsa"]
[Black "Polgar, Sofia"]
[Result "1/2-1/2"]
[WhiteElo "2500"]
[BlackElo "2410"]

1.e4 c5 2.Nf3 e6 3.d4 cxd4 4.Nxd4 Nf6 5.Nc3 Nc6 6.Ndb5 d6 7.Bf4 e5 8.Bg5 a6
9.Na3 b5 10.Nd5 Qa5+ 11.Bd2 Qd8 12.Bg5 Be7 13.Bxf6 Bxf6 14.c3 O-O 15.Nc2 Bg5
16.Be2 Be6 17.O-O Bxd5 18.Qxd5 Ne7 19.Qd3 d5 20.exd5 Qxd5 21.Qxd5  1/2-1/2

[Event "Aruba m2"]
[Site "Aruba"]
[Date "1991.??.??"]
[Round "1"]
[White "Polgar, Sofia"]
[Black "Sosonko, Gennadi"]
[Result "0-1"]
[WhiteElo "2425"]
[BlackElo "2520"]

1.e4 c5 2.Nf3 d6 3.d4 cxd4 4.Nxd4 Nf6 5.Nc3 g6 6.Be3 Bg7 7.f3 Nc6 8.Qd2 O-O
9.g4 Be6 10.O-O-O Ne5 11.h3 Rc8 12.f4 Nc4 13.Bxc4 Bxc4 14.g5 Nh5 15.f5 b5
16.b3 b4 17.Nb1 Ba6 18.Qxb4 Qc7 19.c4 Ng3 20.Nc3 Bxc4 21.bxc4 Qxc4 22.Qxc4 Rxc4
23.Kd2 Bxd4 24.Bxd4 Rxd4+ 25.Ke3 Rc4 26.Kd3 Rxc3+ 27.Kxc3 Nxe4+ 28.Kd4 Nf2
29.f6 Re8 30.Rhe1 Nxd1 31.fxe7 Nf2 32.Kd5 f5 33.gxf6 Kf7 34.Re3 h5 35.Rf3 Nd1
36.h4 Nb2 37.Kxd6 Nc4+ 38.Kd5 Nb6+ 39.Kc6 Nc4 40.Kd5 Rc8 41.Rf4 Ne3+ 42.Kd6 Ng4
43.Ra4 Nxf6 44.Rxa7 Ne8+ 45.Kd5 Rc2 46.a4 Rh2  0-1

[Event "Aruba m2"]
[Site "Aruba"]
[Date "1991.??.??"]
[Round "2"]
[White "Sosonko, Gennadi"]
[Black "Polgar, Sofia"]
[Result "1/2-1/2"]
[WhiteElo "2520"]
[BlackElo "2425"]

1.d4 d5 2.Nf3 Nf6 3.c4 e6 4.g3 dxc4 5.Qa4+ Nbd7 6.Bg2 a6 7.Qxc4 b5 8.Qc6 Rb8
9.Bf4 Nd5 10.Bg5 Be7 11.Bxe7 Qxe7 12.O-O Bb7 13.Qc2 c5 14.Nc3 Rc8 15.Nxd5 Bxd5
16.Rac1 O-O 17.Rfd1 Bb7 18.Ng5 Qxg5 19.Bxb7 Rc7 20.Bxa6 Rb8 21.a4 bxa4 22.Qxa4 Ra7
23.dxc5 Nxc5 24.Qc6 Rxa6 25.Qc7 Raa8 26.Rxc5 Qg4 27.Rb5 Rc8 28.Qe5 h6 29.Kg2 Rc2
30.Rd4 Qxe2 31.Qxe2 Rxe2 32.Rb7 Ra2 33.Rd8+ Kh7 34.Rxf7 Raxb2 35.Rdd7 Kh8
36.Rf8+ Kh7 37.Rff7 Kh8 38.g4 e5 39.Rd8+ Kh7 40.Rdd7 Kh8 41.Kg3 e4 42.h3 e3
43.fxe3 Rxe3+ 44.Kf4 Rbb3  1/2-1/2

[Event "Aruba m2"]
[Site "Aruba"]
[Date "1991.??.??"]
[Round "3"]
[White "Polgar, Sofia"]
[Black "Sosonko, Gennadi"]
[Result "1-0"]
[WhiteElo "2425"]
[BlackElo "2520"]

1.e4 c5 2.Nf3 Nc6 3.d4 cxd4 4.Nxd4 g6 5.c4 Bg7 6.Be3 Nf6 7.Nc3 O-O 8.Be2 b6
9.Qd2 Bb7 10.f3 Rc8 11.O-O Nh5 12.Nc2 d6 13.Rab1 Qd7 14.Rfd1 f5 15.exf5 gxf5
16.Bh6 Ne5 17.b3 f4 18.Bxg7 Kxg7 19.Qd4 Kg8 20.Qxe5  1-0

[Event "Aruba m2"]
[Site "Aruba"]
[Date "1991.??.??"]
[Round "4"]
[White "Sosonko, Gennadi"]
[Black "Polgar, Sofia"]
[Result "1-0"]
[WhiteElo "2520"]
[BlackElo "2425"]

1.d4 d5 2.Nf3 Nf6 3.c4 e6 4.g3 dxc4 5.Bg2 Bd7 6.Nbd2 Bb4 7.Qc2 Bb5 8.O-O Bxd2
9.Bxd2 Nbd7 10.Rfd1 Qe7 11.Bg5 h6 12.Bxf6 Qxf6 13.e3 O-O 14.Nd2 c5 15.Nxc4 cxd4
16.Nd6 d3 17.Qc7 Ba6 18.Qxd7 Rad8 19.Qc7 Qe5 20.Ne8  1-0

[Event "Aruba m2"]
[Site "Aruba"]
[Date "1991.??.??"]
[Round "5"]
[White "Polgar, Sofia"]
[Black "Sosonko, Gennadi"]
[Result "1/2-1/2"]
[WhiteElo "2425"]
[BlackElo "2520"]

1.e4 c5 2.Nf3 d6 3.d4 cxd4 4.Nxd4 Nf6 5.Nc3 g6 6.Be3 Bg7 7.f3 Nc6 8.Qd2 O-O
9.g4 Be6 10.O-O-O Ne5 11.h3 Rc8 12.f4 Nc4 13.Nxe6 fxe6 14.Bxc4 Rxc4 15.e5 Ne8
16.b3 Rc6 17.Nb5 Nc7 18.a4 Nxb5 19.axb5 Rc8 20.Bd4 dxe5 21.Bxe5 Bxe5 22.Qxd8 Bxf4+
23.Qd2 Rc5 24.c4 a6 25.bxa6 bxa6 26.Kc2 Bxd2  1/2-1/2

[Event "Aruba m2"]
[Site "Aruba"]
[Date "1991.??.??"]
[Round "6"]
[White "Sosonko, Gennadi"]
[Black "Polgar, Sofia"]
[Result "0-1"]
[WhiteElo "2520"]
[BlackElo "2425"]

1.d4 d5 2.c4 e6 3.Nf3 Nf6 4.g3 dxc4 5.Bg2 Bd7 6.Nbd2 Bb4 7.Qc2 Bxd2+ 8.Bxd2 Bc6
9.Qxc4 Bd5 10.Qd3 Nc6 11.Bg5 Bxf3 12.Bxf3 Nxd4 13.Bxb7 Rb8 14.Bg2 Rxb2 15.O-O-O Rb4
16.e3 Qd7 17.Bxf6 gxf6 18.exd4 Qa4 19.Rd2 O-O 20.Rhd1 Rd8 21.d5 exd5 22.Rc2 c5
23.Rdd2 Re8 24.Re2 Rxe2 25.Rxe2 c4 26.Qe3 Kg7 27.Rc2 Qb5 28.Kd2 Rb1 29.Bf3 Qa5+
30.Qc3 Qc5 31.Qe3 d4 32.Qe4 Qb4+  0-1

[Event "Brno Morava-B"]
[Site "Brno"]
[Date "1991.??.??"]
[Round "3"]
[White "Stangl, Markus"]
[Black "Polgar, Sofia"]
[Result "0-1"]
[WhiteElo "2490"]
[BlackElo "2430"]

1.Nf3 d5 2.c4 e6 3.g3 dxc4 4.Qa4+ Nd7 5.Qxc4 b6 6.Bg2 Bb7 7.O-O Ngf6 8.b3 Be7
9.Bb2 c5 10.d3 O-O 11.Nbd2 Rc8 12.Rfc1 Nd5 13.a3 Bf6 14.Qc2 Re8 15.Ne4 Bxb2
16.Qxb2 Qe7 17.d4 N5f6 18.Ned2 cxd4 19.Nxd4 Bxg2 20.Kxg2 Qd6 21.Kg1 Qd5 22.Nc4 Nc5
23.Nb5 Nce4 24.Nxa7 Nxf2 25.Kxf2 Ra8 26.Ne3 Qh5 27.Nc6 Qxh2+ 28.Kf3 e5 29.Nf1 Qh1+
30.Ke3 Rad8 31.Nxd8 Rxd8 32.Rc4 Qg1+ 33.Kf3 e4+ 34.Kf4 Qf2+ 35.Kg5 Rd5+  0-1

[Event "Brno Morava-B"]
[Site "Brno"]
[Date "1991.??.??"]
[Round "4"]
[White "Polgar, Sofia"]
[Black "Rasik, Vitezslav"]
[Result "1/2-1/2"]
[WhiteElo "2430"]
[BlackElo "2420"]

1.e4 c5 2.Nf3 e6 3.d4 cxd4 4.Nxd4 Nf6 5.Nc3 d6 6.Be2 Be7 7.O-O O-O 8.Kh1 a6
9.f4 Qc7 10.Qe1 b5 11.Bf3 Bb7 12.e5 Ne8 13.a3 Nc6 14.Nxc6 Bxc6 15.Bd2 Bxf3
16.Rxf3 g6 17.Rh3 Ng7 18.exd6 Qxd6 19.Ne4 Qc7 20.Bb4 h5 21.Qf2 Rac8 22.Rc3 Qb7
23.Qf3 Qa7 24.Rxc8 Rxc8 25.Bc3 Rd8 26.Be5 Nf5 27.Re1 Qa8 28.Bc7 Rc8 29.Ba5 Qc6
30.Nc3 Kf8 31.Qe2 Qc4 32.Qf3 Qc6  1/2-1/2

[Event "Brno Morava-B"]
[Site "Brno"]
[Date "1991.??.??"]
[Round "7"]
[White "Schlosser, Philipp"]
[Black "Polgar, Sofia"]
[Result "1-0"]
[WhiteElo "2485"]
[BlackElo "2430"]

1.c4 e6 2.g3 d5 3.Bg2 dxc4 4.Qa4+ Nd7 5.Qxc4 Ngf6 6.Nf3 c5 7.Qb3 Bd6 8.d3 Rb8
9.Nc3 a6 10.O-O O-O 11.Ng5 Qe7 12.Nge4 Bc7 13.Rd1 b6 14.d4 cxd4 15.Rxd4 Nc5
16.Qa3 Nfxe4 17.Nxe4 Bb7 18.Nxc5 Bxg2 19.Nd7 Qxa3 20.bxa3 Rbd8 21.Bb2 e5
22.Rdd1 Bh3 23.Nxf8 Rxd1+ 24.Rxd1 Kxf8 25.Rc1 Bd6 26.Rc6  1-0

[Event "Brno Morava-B"]
[Site "Brno"]
[Date "1991.??.??"]
[Round "8"]
[White "Polgar, Sofia"]
[Black "Gipslis, Aivars"]
[Result "0-1"]
[WhiteElo "2430"]
[BlackElo "2475"]

1.e4 c6 2.d4 d5 3.exd5 cxd5 4.c4 Nf6 5.Nc3 g6 6.Qb3 Bg7 7.cxd5 O-O 8.Be2 Nbd7
9.Bf3 Nb6 10.Nge2 Bg4 11.Bxg4 Nxg4 12.a4 Nf6 13.Nf4 a5 14.O-O Qd6 15.Nb5 Qd7
16.d6 exd6 17.d5 Rfc8 18.Qd3 Ne8 19.Ra2 Nc4 20.b3 Ne5 21.Qd1 Nc7 22.Nxc7 Rxc7
23.Ba3 b5 24.axb5 Rb7 25.Ne2 Qxb5 26.Nc1 Nd7 27.Bxd6 Nb6 28.Bf4 Nxd5 29.Bd2 Nc3
30.Bxc3 Bxc3 31.Qf3 Rc8 32.Rc2 Rbc7 33.Rd1 Kg7 34.h3 Bf6 35.Rxc7 Rxc7 36.Ne2 h5
37.Rd6 Qe5 38.Rd5 Qa1+ 39.Kh2 h4 40.g3 Qf1 41.Rd2 Be5 42.Qg2 Qe1 43.Ra2 Re7
44.Qg1 Qb4 45.Qd1 Qe4 46.Rd2 Rb7 47.Rd3 a4 48.Re3 Qf5 49.f4 Bf6 50.bxa4 Rb2
51.Qd6 Qb1 52.Qd5 Qe1  0-1

[Event "Brno Morava-B"]
[Site "Brno"]
[Date "1991.??.??"]
[Round "10"]
[White "Polgar, Sofia"]
[Black "Hracek, Zbynek"]
[Result "1-0"]
[WhiteElo "2430"]
[BlackElo "2455"]

1.e4 e5 2.Nf3 Nc6 3.Bb5 a6 4.Ba4 Nf6 5.O-O Nxe4 6.d4 b5 7.Bb3 d5 8.dxe5 Be6
9.c3 Nc5 10.Bc2 Bg4 11.Nbd2 Be7 12.Re1 Qd7 13.Nb3 Ne6 14.Qd3 Bh5 15.Nfd4 Bg6
16.Nf5 O-O 17.Qh3 Rfe8 18.Bd1 Bf8 19.Nh4 Rad8 20.f4 Be4 21.Be3 Be7 22.Bg4 Qc8
23.f5 Ng5 24.Qg3 Qb8 25.f6 gxf6 26.Nf5 Nxe5 27.Nxe7+ Rxe7 28.h4 c6 29.Bf4 h6
30.Nd4 Qd6 31.Nf5 Bxf5 32.Bxf5 Rde8 33.Kh1 Kf8 34.Re2 Qd8 35.Rae1 Nc4 36.Bc7 Rxe2
37.Rxe2 Qa8 38.Rxe8+ Qxe8 39.hxg5 fxg5 40.b3 Ne3 41.Bd3 Qe6 42.Qe5 Kg8 43.Qxe6 fxe6
44.Be2 c5 45.g4 c4 46.Kg1 h5 47.gxh5 Kg7 48.Kf2 Nf5 49.Be5+ Kh6 50.b4 Ne7
51.Bd6 Nf5 52.Be5 Ne7 53.Bd6 Nf5 54.Bf8+ Kh7 55.Bg4 Kg8 56.Bxf5  1-0

[Event "Brno Morava-B"]
[Site "Brno"]
[Date "1991.??.??"]
[Round "11"]
[White "Blatny, Pavel"]
[Black "Polgar, Sofia"]
[Result "1-0"]
[WhiteElo "2480"]
[BlackElo "2430"]

1.d4 d5 2.Nf3 Nf6 3.Bf4 c5 4.c3 Nc6 5.e3 Qb6 6.Qb3 c4 7.Qc2 Bf5 8.Qc1 e6
9.Nbd2 Qd8 10.Be2 Be7 11.O-O O-O 12.Ne5 Nxe5 13.Bxe5 b5 14.f3 Bg6 15.g4 Nd7
16.Bg3 f6 17.f4 Qb6 18.Bf3 Rae8 19.Rf2 Bf7 20.Bg2 Bd6 21.Qf1 a5 22.Re1 f5
23.Bh4 fxg4 24.e4 Qb8 25.Re3 Bg6 26.exd5 Bxf4 27.Rxf4 Rxf4 28.Qe1 e5 29.Bg3 Rf5
30.Ne4 Qb6 31.Nf2 h5 32.h4 gxh3 33.Bxh3 e4 34.d6 Rg5 35.Bxd7 Qxd6 36.Nh3 Qxd7
37.Nxg5 Qg4 38.Nf3 exf3 39.Rxe8+ Bxe8 40.Qxe8+ Kh7 41.Kf2 h4 42.Qe5 hxg3+
43.Qxg3 Qf5 44.Qxf3 Qc2+ 45.Qe2 Qf5+ 46.Kg3 Qg5+ 47.Qg4 Qe3+ 48.Qf3 Qg5+
49.Kh3 Qh6+ 50.Kg4 Qg6+ 51.Kf4 Qf6+ 52.Ke3 Qxf3+ 53.Kxf3 Kg6 54.Ke4 Kf6 55.Kd5 g5
56.a4 bxa4 57.Kxc4 Kf5 58.Kd3 Kf4 59.d5 Ke5 60.c4 g4 61.Ke3 g3 62.Kf3 Kd6
63.Kxg3 Kc5 64.Kf3 Kxc4 65.d6 Kb3 66.d7 Kxb2 67.d8=Q a3 68.Qb6+ Ka1 69.Qb3  1-0

[Event "Budapest"]
[Site "Budapest"]
[Date "1991.??.??"]
[Round "3"]
[White "Afek, Yochanan"]
[Black "Polgar, Sofia"]
[Result "1-0"]
[WhiteElo "2325"]
[BlackElo "2425"]

1.e4 c5 2.Nc3 Nc6 3.Nge2 d6 4.d4 cxd4 5.Nxd4 e6 6.Bc4 a6 7.Be3 Qc7 8.Qe2 Nf6
9.Bb3 Na5 10.g4 b5 11.g5 b4 12.Nd5 Nxd5 13.Ba4+ Bd7 14.Bxd7+ Qxd7 15.exd5 Qb7
16.Qf3 Rc8 17.dxe6 Qxf3 18.Nxf3 fxe6 19.b3 Be7 20.a3 Rxc2 21.Nd4 Rc3 22.axb4 e5
23.Nf5 Nxb3 24.Rxa6 Nd4 25.Ra8+ Bd8 26.Kd2 Rc2+ 27.Kd3 Rb2 28.Nxd4 exd4 29.Bxd4 Rxb4
30.Bxg7 Rg8 31.Bf6 Kd7 32.Rha1 Rb7 33.R1a6 d5 34.f4 Re8 35.Rxd8+ Rxd8 36.Bxd8 Kxd8
37.Rd6+ Ke7 38.Rxd5 Rb3+ 39.Ke4 Rb2 40.h3 h6 41.Kf5 hxg5 42.fxg5 Rb4 43.Re5+ Kf7
44.g6+  1-0

[Event "Budapest Kasparov"]
[Site "Budapest"]
[Date "1991.??.??"]
[Round "3"]
[White "Janovsky, Sergey"]
[Black "Polgar, Sofia"]
[Result "1-0"]
[WhiteElo "2430"]
[BlackElo "2425"]

1.e4 c5 2.c3 d5 3.exd5 Qxd5 4.d4 Nc6 5.Nf3 Bg4 6.Be2 cxd4 7.cxd4 e6 8.h3 Bh5
9.Nc3 Qa5 10.a3 Nf6 11.Qb3 Qb6 12.Qxb6 axb6 13.g4 Bg6 14.O-O Be7 15.Be3 O-O
16.Rac1 Rfd8 17.Rfd1 Ne4 18.Ne5 Nxc3 19.Rxc3 Be4 20.f3 Bd5 21.Nc4 Ra6 22.g5 f6
23.h4 Rda8 24.Kf2 Kf7 25.Bf4 b5 26.Nd6+ Bxd6 27.Bxd6 Ra4 28.Bxb5 Rxd4 29.Rxd4 Nxd4
30.Rc7+ Kg6 31.Bd3+ Nf5 32.f4 h6 33.gxf6 gxf6 34.Bb4 h5 35.Bc2 Rg8 36.Bc3 Rg7
37.Rc5 Rd7 38.Ba4 Rg7 39.Be8+ Kh6 40.Bxf6 Rg2+ 41.Ke1 Rg1+ 42.Kd2 Rg2+ 43.Kc3 Nd6
44.Bg5+ Kg7 45.Rc7+ Kg8 46.Ba4 Ne4+ 47.Kd4 Rd2+ 48.Ke3 Rxb2 49.Bc2 Ra2 50.Bxe4 Rxa3+
51.Bd3  1-0

[Event "Budapest"]
[Site "Budapest"]
[Date "1991.??.??"]
[Round "4"]
[White "Polgar, Sofia"]
[Black "Somlai, Laszlo"]
[Result "1-0"]
[WhiteElo "2425"]
[BlackElo "2385"]

1.e4 e6 2.d4 d5 3.Nc3 Nf6 4.Bg5 Be7 5.e5 Nfd7 6.Bxe7 Qxe7 7.f4 O-O 8.Nf3 c5
9.Qd2 Nc6 10.O-O-O Nb6 11.dxc5 Qxc5 12.Bd3 Bd7 13.Bxh7+ Kxh7 14.Ng5+ Kg8
15.Qd3 Rfe8 16.Qh7+ Kf8 17.Rhe1 Nc4 18.Qh8+ Ke7 19.Qh4 Rh8 20.Nh7+ Ke8 21.Nf6+ gxf6
22.Qxh8+ Qf8 23.Qxf8+ Kxf8 24.exf6 Kg8 25.Rd3 Kh7 26.f5 d4 27.Rh3+ Kg8 28.Re4  1-0

[Event "Budapest Kasparov"]
[Site "Budapest"]
[Date "1991.??.??"]
[Round "4"]
[White "Polgar, Sofia"]
[Black "Berkovich, Dmitry"]
[Result "1-0"]
[WhiteElo "2425"]
[BlackElo "2425"]

1.e4 c5 2.Nf3 d6 3.d4 cxd4 4.Nxd4 Nf6 5.Nc3 a6 6.f4 Qc7 7.Bd3 e5 8.Nf3 Be7
9.a4 Nc6 10.O-O O-O 11.Kh1 Nb4 12.a5 Bd7 13.Be3 Rac8 14.Qe1 exf4 15.Bxf4 Rfe8
16.Be3 Bd8 17.Qg3 Nh5 18.Qf2 Be6 19.Nd4 Nf6 20.h3 Qd7 21.Qf3 Bc4 22.Nf5 Bxd3
23.cxd3 Nxd3 24.Qg3 g6 25.Rad1 Ne5 26.Nxd6 Nh5 27.Qf2 Bxa5 28.Nxe8 Qxe8 29.Nd5 Bd8
30.Bd4 Nc6 31.Bc3 b5 32.b3 Bg5 33.Ba1 Qe6 34.Rd3 Rf8 35.Rf3 f6 36.Qb6 f5
37.Nb4 Nd8 38.Qd4 Bf6 39.e5 Bg7 40.g4 a5 41.Nd3 fxg4 42.Rxf8+ Bxf8 43.Rxf8+ Kxf8
44.Qxd8+ Kg7 45.h4 Kf7 46.Kg1 Ng3 47.Nf4  1-0

[Event "Budapest"]
[Site "Budapest"]
[Date "1991.??.??"]
[Round "6"]
[White "Polgar, Sofia"]
[Black "Dobos, Jozsef"]
[Result "1-0"]
[WhiteElo "2425"]
[BlackElo "2385"]

1.e4 c5 2.Nf3 a6 3.c3 d6 4.d4 Nd7 5.Bd3 e6 6.O-O Qc7 7.Bf4 Ne7 8.Nbd2 Ng6
9.Bg3 Be7 10.e5 dxe5 11.dxe5 Nb6 12.c4 Bd7 13.Ne4 Bc6 14.Qe2 Nd7 15.Nd6+ Bxd6
16.exd6 Qd8 17.Bxg6 hxg6 18.Ne5 Rc8 19.Qe3 Nxe5 20.Bxe5 O-O 21.Rad1 Bd7 22.Qg3 b5
23.b3 f6 24.Bc3 Kf7 25.Rd3 Rh8 26.f4 bxc4 27.bxc4 Rb8 28.Qf2 Qc8 29.Qc2 Qc6
30.Rg3 Rh6 31.Qd3 Qa4 32.Bd2 f5 33.a3 Rb2 34.Bc3 Rb3 35.Qe2 Rh7 36.Qe5 Qxc4
37.Rh3 Rxc3 38.Qxc3 Qxc3 39.Rxc3 g5 40.Rxc5 Kf6 41.Rc7 g6 42.Rb1 e5 43.Rbb7  1-0

[Event "Budapest"]
[Site "Budapest"]
[Date "1991.??.??"]
[Round "8"]
[White "Polgar, Sofia"]
[Black "Stajcic, Nikola"]
[Result "1-0"]
[WhiteElo "2425"]
[BlackElo "2345"]

1.e4 c5 2.Nf3 d6 3.d4 cxd4 4.Nxd4 Nf6 5.Nc3 Nc6 6.Be3 e5 7.Nf3 Be7 8.Bc4 O-O
9.O-O Be6 10.Bb3 h6 11.Qe2 Bxb3 12.axb3 d5 13.Nxd5 Nxd5 14.Rfd1 Nd4 15.Bxd4 exd4
16.exd5 Bf6 17.Qb5 Qc7 18.Rac1 a6 19.Qc4 Qxc4 20.bxc4 Rfc8 21.b3 b5 22.Nxd4 bxc4
23.Nc6 a5 24.Kf1 Kf8 25.Re1 cxb3 26.cxb3 a4 27.bxa4 Rxa4 28.d6 Raa8 29.g3 g6
30.d7 Rc7 31.Nb8 Rb7 32.Rc8+ Kg7 33.Ree8 Raxb8 34.Rxb8 Rxd7 35.Rh8 Bd4 36.Rbg8+ Kf6
37.Rxh6 Ra7 38.Rh4 Ra1+ 39.Kg2 Be5 40.Rb4 Ra7 41.h4 Ra2 42.Rb6+ Ke7 43.Rb7+  1-0